Ochrana pacientov pri poskytovaní kúpeľnej zdravotnej starostlivosti diplomová práca

Gespeichert in:
Bibliographische Detailangaben
1. Verfasser: Búliková, Katarína
Körperschaft: Obchodná fakulta EU. Katedra služieb a cestovného ruchu - zrušené
Weitere Verfasser: Eliašová, Darina
Format: Buch
Sprache:Slowakisch
Veröffentlicht: Bratislava 2012
Tags: Tag hinzufügen
Keine Tags, Fügen Sie das erste Tag hinzu!

MARC

LEADER 00000nbm a2200000 4500
001 0159056
005 20161109102226.4
041 0 |a slo 
044 |a SK 
245 1 0 |a Ochrana pacientov pri poskytovaní kúpeľnej zdravotnej starostlivosti  |b diplomová práca  |c Katarína Búliková ; školiteľ: Darina Eliašová 
264 1 |a Bratislava  |c 2012 
300 |a 61 s. 
100 1 |a Búliková, Katarína 
700 1 |a Eliašová, Darina 
710 2 |a Obchodná fakulta EU. Katedra služieb a cestovného ruchu - zrušené